Periyoor Valvil 200 Suvaiyana Nigalchigal (Record no. 206039)

MARC details
000 -LEADER
fixed length control field 00431nam a2200181Ia 4500
008 - FIXED-LENGTH DATA ELEMENTS--GENERAL INFORMATION
fixed length control field 240823s9999||||xx |||||||||||||| ||und||
082 ## - DEWEY DECIMAL CLASSIFICATION NUMBER
-- 824.8 P7
100 ## - MAIN ENTRY--PERSONAL NAME
Personal name Kurinchipaadi Ganesan
245 #0 - TITLE STATEMENT
Title Periyoor Valvil 200 Suvaiyana Nigalchigal
250 ## - EDITION STATEMENT
Edition statement 2nd
260 ## - PUBLICATION, DISTRIBUTION, ETC. (IMPRINT)
Date of publication, distribution, etc 2007
Name of publisher, distributor, etc Arul Vel
500 ## - GENERAL NOTE
General note YES
650 ## - SUBJECT ADDED ENTRY--TOPICAL TERM
Topical term or geographic name as entry element Tamil Books
942 ## - ADDED ENTRY ELEMENTS (KOHA)
Item type Books
Holdings
Withdrawn status Lost status Damaged status Permanent location Current location Date acquired Cost, normal purchase price Full call number Barcode Date last seen Koha item type
      CENTRAL LIBRARY, NOORUL ISLAM CENTRE FOR HIGHER EDUCATION CENTRAL LIBRARY, NOORUL ISLAM CENTRE FOR HIGHER EDUCATION 02/07/2014 90.00 824.8 P7 56697 08/23/2024 Books
Visitors:
Copyright © 2024 Central Library NICHE.  All rights reserved.